Les 10 plus grandes villes du Royaume-Uni - Statistiques

Statistiques générales
  • Ce quiz a été pris 227 fois
    147 depuis la dernière actualisation
  • Le résultat moyen est 6 sur 10
Statistiques - réponses
Population Ville % Correct
9 648 110 Londres
100%
2 791 005 Manchester
94%
917 032 Liverpool
90%
1 698 088 Glasgow
74%
1 928 661 Leeds / Bradford
65%
823 431 Newcastle upon Tyne
65%
951 531 Southampton / Portsmouth
38%
707 412 Bristol
37%
806 757 Nottingham
37%
745 876 Sheffield
28%
Aucun quiz correspondant
Distribution des résultats
% des personnes avec chaque résultat
Percentile par nombre de réponses
Votre historique - résultats
Vous n’avez pas pris ce quiz depuis la dernière actualisation